Responses for Show #629 - Thursday, May 7, 1987

Contestants

[<< previous game]

Mark Stitham, a physician from Kailua, Hawaii

Lynn Taylor, a director of harbor development from Seattle, Washington

Phil Marino, a dentist from Clearwater, Florida (whose 2-day cash winnings total $20,540)

[next game >>]

Jeopardy! Round responses

GEOGRAPHY
ACCORDING TO SPOCK
FOOD IN SONG
BIRDS
4-LETTER WORDS
(Alex: And something that I have a great deal of...)
USELESS INFORMATION
    $100 22
deserts

Phil
    $100 2
Leonard Nimoy

Phil
    $100 7
jam

Mark
    $100 1
the eagle

Lynn
    $100 13
[Phil and the audience both laugh due to a homophone of his name being the correct response.]

fill

Phil
    $100 19
a camel

Phil
    $200 27
(Phil: What is Antarctica?)
(Lynn: What is North America?)

South America

PhilLynnMark
    $200 3
prosper

Phil
    $200 8
chestnuts roasting on an open fire

Phil
    $200 12
Africa

Mark
    $200 14
love

Mark
    $200 23
Liberace

Mark
    $300 28
[The end-of-round signal sounds.]

Michigan & Huron

Triple Stumper
    $300 4
(Alex: Normally, it's a Vulcan female. But you never know with those Vulcans.)
[Laughter]

a mate

Phil
    $500 9
[The song was not reprised going into the break.]

Oliver!

Phil
    $300 16
condors

Phil
    $300 15
half

Phil
    $300 24
(Phil: What's the KGB?)
...
(Alex: We've got about a minute to go in the round.)

the Communist Party

PhilMark
    $400 5
Earth

Phil
    $400 10
Animal Crackers

Phil
    $400 17
(Alex: Flamingos and I have a great deal in common.)
[Laughter]
(Alex: Once a year.)

1

Triple Stumper
    $400 20
rave

Phil
    $400 25
New Hollywood Squares

Mark
    $500 6
science officer

Mark
    $500 11
(1 of) sponge cake or shrimp

Triple Stumper
    $500 18
nightingale

Mark
    $500 21
a crop

Lynn
    $500 26
Nixon

Mark

Scores at the first commercial break (after clue 11):

Phil Lynn Mark
$2,100 $100 $600

Scores at the end of the Jeopardy! Round:

Phil Lynn Mark
$2,900 $400 $3,100

Double Jeopardy! Round responses

SOUTHERN AUTHORS
WORLD WAR II
QUOTES
TREES & FLOWERS
EXPLORERS
NAMES BY THE MONTHS
    $200 23
(Alex: And we've got a minute to go.)

Georgia

Mark
    $200 18
Berlin

Triple Stumper
    $200 10
"the king is dead, long live the king"

Mark
    $200 1
apples

Triple Stumper
    $200 6
Scotland

Phil
    $200 9
Elaine May

Lynn
    $400 26
Tennessee Williams

Mark
    $400 19
a dogfight

Phil
    $400 11
(Mark: What is "don't say it"?)

say nothing

PhilMark
    $400 2
a thimble

Phil
    $400 7
Sebastian Cabot

Triple Stumper
    $400 14
Fredric March

Mark
    $600 27
Truman Capote

Mark
    $600 24
Hitler

Phil
    $600 20
babies

Triple Stumper
    $600 3
pine trees

Triple Stumper
    $600 8
Champlain

Mark
    $600 15
June Lockhart

Phil
    $100 25
(Phil: What is Egypt?)

Italy

Phil
    $800 21
Adam Smith

Triple Stumper
    $800 4
the tap root

Phil
    $800 12
Alan Shepard

Phil
    $1,400 16
(Alex: [*]. William [*]. Yes. Billy Dee Williams.)

December

Phil
    $1000 28
[The end-of-round signal sounds.]

Jack Dempsey

Triple Stumper
    $1000 22
(Mark: What is "Christopher Robin is climbing the stairs"?)

"Christopher Robin is saying his prayers"

Mark
Triple Stumper
    $1000 5
floriculture

Phil
    $1000 13
Roald Amundsen

Triple Stumper
    $1000 17
April Dancer

Mark

Scores at the end of the Double Jeopardy! Round:

Phil Lynn Mark
$9,400 $600 $5,100

[wagering suggestions for these scores]

Final Jeopardy! Round responses

ELECTIONS
LynnWho are Nixon + Reagan?
$0
MarkWho are Nixon & Regan?
$5,000
PhilWho are Reagan and FDR?
$801
Nixon & Reagan

Final scores:

Phil Lynn Mark
$8,599 $600 $10,100
2nd place: trip to St. Thomas, U.S. Virgin Islands 3rd place: Magnavox Videowriter word processor New champion: $10,100

Game dynamics:

Coryat scores:

Phil Lynn Mark
$8,700 $600 $5,100
23 R
(including 2 DDs),
3 W
(including 1 DD)
3 R,
1 W
17 R,
2 W

Combined Coryat: $14,400

[game clues] [game scores] [suggest correction]

Game tape date: 1987-01-13
The J! Archive is created by fans, for fans. Scraping, republication, monetization, and malicious use prohibited; this site may use cookies and collect identifying information. See terms. The Jeopardy! game show and all elements thereof, including but not limited to copyright and trademark thereto, are the property of Jeopardy Productions, Inc. and are protected under law. This website is not affiliated with, sponsored by, or operated by Jeopardy Productions, Inc. Join the discussion at JBoard.tv.